| 000 | 00335nam a2200133Ia 4500 | ||
|---|---|---|---|
| 005 | 20260328104323.0 | ||
| 008 | 260328s9999||||xx |||||||||||||| ||und|| | ||
| 100 | _aBozdogan, Sibel | ||
| 245 | 0 |
_aSedan Eldem : _b Architect in Turkey / _cSibel Bozdogan |
|
| 260 | _bA Mimar Book | ||
| 300 | _a175 p. | ||
| 650 | _aTURQUIA | ||
| 942 | _cBK | ||
| 999 |
_c11418 _d11418 |
||